[Event "3MCRV_F"]
[Site "?"]
[Date "2003.??.??"]
[Round "?"]
[White "Schwarz, Jan"]
[Black "Skalicky, Frantisek"]
[Result "1/2-1/2"]
[WhiteElo "2292"]
[BlackElo "2306"]
[PlyCount "105"]
[EventDate "2003.??.??"]
[EventType "corr"]

1. e4 e5 2. Nf3 Nc6 3. Bb5 a6 4. Ba4 Nf6 5. O-O Be7 6. Re1 b5 7. Bb3 d6 8. c3
O-O 9. h3 Na5 10. Bc2 c5 11. d4 Qc7 12. Nbd2 cxd4 13. cxd4 Nc6 14. Nb3 a5 15.
Be3 a4 16. Nbd2 Be6 17. a3 Na5 18. Rc1 Rac8 19. Bd3 Qb8 20. Qe2 b4 21. Rxc8
Rxc8 22. Bb5 d5 23. exd5 Nxd5 24. Bxa4 bxa3 25. bxa3 Qb7 26. Qb5 Qxb5 27. Bxb5
Rc3 28. a4 exd4 29. Bxd4 Rc8 30. Ne4 Bb4 31. Rb1 Be7 32. Ne5 f6 33. Nd3 Bf5 34.
f3 Kf7 35. Rc1 Rxc1+ 36. Nxc1 Be6 37. Nc5 Bxc5 38. Bxc5 g5 39. Bf2 Nc3 40. Be1
Nxb5 41. Bxa5 Nd4 42. Bb6 Nc6 43. Nd3 Bc4 44. Nc5 f5 45. a5 Nb4 46. Bd8 Nc6 47.
Bxg5 Nxa5 48. Kf2 Nc6 49. Bd2 h5 50. Bg5 Ne5 51. Ke3 Bf1 52. f4 Nc6 53. Kf2
1/2-1/2

[Event "3MCRV_F"]
[Site "?"]
[Date "2003.??.??"]
[Round "?"]
[White "Kuchtova, Ruzena"]
[Black "Schwarz, Jan"]
[Result "1/2-1/2"]
[WhiteElo "2214"]
[BlackElo "2292"]
[PlyCount "56"]
[EventDate "2003.??.??"]
[EventType "corr"]

1. c4 Nf6 2. d4 e6 3. Nf3 d5 4. Nc3 Be7 5. Bg5 h6 6. Bxf6 Bxf6 7. e3 c6 8. Bd3
Nd7 9. O-O O-O 10. Qc2 dxc4 11. Bxc4 e5 12. Rfd1 exd4 13. Nxd4 Nb6 14. Ne4 Nxc4
15. Qxc4 Qe7 16. Nxf6+ Qxf6 17. Rd2 Re8 18. Rc1 Rd8 19. Rcd1 Rd6 20. h3 Qg5 21.
Nf3 Rxd2 22. Rxd2 Qe7 23. Nd4 Qg5 24. Kh1 Qe7 25. a3 a5 26. Kg1 a4 27. Ne2 Be6
28. Qd4 Bb3 1/2-1/2

[Event "3MCRV_F"]
[Site "?"]
[Date "2003.??.??"]
[Round "?"]
[White "Schwarz, Jan"]
[Black "Kuchta, Jiri"]
[Result "1/2-1/2"]
[WhiteElo "2292"]
[BlackElo "2299"]
[PlyCount "59"]
[EventDate "2003.??.??"]
[EventType "corr"]

1. e4 c5 2. Nf3 Nc6 3. d4 cxd4 4. Nxd4 Nf6 5. Nc3 e5 6. Ndb5 d6 7. Bg5 a6 8.
Na3 b5 9. Bxf6 gxf6 10. Nd5 f5 11. Bd3 Be6 12. O-O Rc8 13. c3 Bg7 14. Qh5 h6
15. Nc2 Qg5 16. Qe2 O-O 17. f4 Qd8 18. Nce3 fxe4 19. Bxe4 f5 20. Bc2 Kh8 21. a4
Ne7 22. Nxe7 Qxe7 23. axb5 axb5 24. fxe5 f4 25. exd6 Qxd6 26. Nd1 b4 27. Nf2
Bc4 28. Qe4 Bg8 29. Rad1 Qb6 30. cxb4 1/2-1/2

[Event "3MCRV_F"]
[Site "?"]
[Date "2003.??.??"]
[Round "?"]
[White "Pecka, Josef"]
[Black "Svoboda, Frantisek"]
[Result "1/2-1/2"]
[WhiteElo "2281"]
[BlackElo "2398"]
[PlyCount "61"]
[EventDate "2003.??.??"]
[EventType "corr"]

1. e4 e6 2. d4 d5 3. Nc3 Nf6 4. Bg5 dxe4 5. Nxe4 Be7 6. Bxf6 Bxf6 7. Nf3 O-O 8.
Qd2 Be7 9. Bd3 Nd7 10. O-O-O b6 11. h4 Bb7 12. c3 c5 13. Neg5 h6 14. Bh7+ Kh8
15. Be4 Bxg5 16. Nxg5 Qc7 17. Bxb7 Qxb7 18. d5 exd5 19. Qxd5 Qxd5 20. Rxd5 Nf6
21. Rd2 Kg8 22. Nh3 Rfd8 23. Re1 Rxd2 24. Kxd2 Kf8 25. Nf4 Rd8+ 26. Kc2 Re8 27.
Rxe8+ Kxe8 28. f3 Ke7 29. c4 Nd7 30. b3 g5 31. hxg5 1/2-1/2

[Event "3MCRV_F"]
[Site "?"]
[Date "2003.??.??"]
[Round "?"]
[White "Sykora, Josef"]
[Black "Lounek, Jan"]
[Result "1/2-1/2"]
[WhiteElo "2365"]
[BlackElo "2337"]
[PlyCount "80"]
[EventDate "2003.??.??"]
[EventType "corr"]

1. e4 c5 2. Nf3 d6 3. d4 cxd4 4. Nxd4 Nf6 5. Nc3 a6 6. Be3 e6 7. f3 b5 8. g4
Nfd7 9. Qd2 Nb6 10. O-O-O Bb7 11. Nb3 N8d7 12. Na5 Rb8 13. Bf4 Nc8 14. Nxb7
Rxb7 15. Kb1 Be7 16. h4 O-O 17. g5 Ne5 18. Qg2 Nc4 19. Bd3 Qa5 20. Ne2 N8b6 21.
Bc1 Na4 22. Nd4 Rc8 23. Nb3 Qc7 24. f4 d5 25. a3 a5 26. exd5 Ncxb2 27. Bxb2
Nxb2 28. Kxb2 a4 29. Qe2 axb3 30. cxb3 Qb6 31. b4 Qd4+ 32. Kb1 Qxd5 33. Qb2 Qf3
34. Rhf1 Qe3 35. Qf2 Qxf2 36. Rxf2 g6 37. Bf1 Rc3 38. Rd3 Rxd3 39. Bxd3 Bd6 40.
Kc2 Kf8 1/2-1/2

[Event "3MCRV_F"]
[Site "?"]
[Date "2003.??.??"]
[Round "?"]
[White "Pecka, Josef"]
[Black "Kostal, Jindrich"]
[Result "1/2-1/2"]
[WhiteElo "2281"]
[BlackElo "2364"]
[PlyCount "41"]
[EventDate "2003.??.??"]
[EventType "corr"]

1. e4 e5 2. Nf3 Nc6 3. Bc4 Bc5 4. c3 Nf6 5. d4 exd4 6. cxd4 Bb4+ 7. Nc3 Nxe4 8.
O-O Bxc3 9. d5 Bf6 10. Re1 Ne7 11. Rxe4 d6 12. Bg5 Bxg5 13. Nxg5 O-O 14. Nxh7
Kxh7 15. Qh5+ Kg8 16. Rh4 f5 17. Qh7+ Kf7 18. Rh6 Rg8 19. Re1 Qf8 20. Bb5 Rh8
21. Qxh8 1/2-1/2

[Event "3MCRV_F"]
[Site "?"]
[Date "2003.??.??"]
[Round "?"]
[White "Brousek, Jiri"]
[Black "Sykora, Josef"]
[Result "1-0"]
[WhiteElo "2361"]
[BlackElo "2365"]
[PlyCount "99"]
[EventDate "2003.??.??"]
[EventType "corr"]

1. d4 Nf6 2. Nf3 g6 3. Nc3 d5 4. Bf4 Bg7 5. e3 O-O 6. Be2 c6 7. h4 Bg4 8. Ne5
Bxe2 9. Qxe2 Nbd7 10. O-O-O Nh5 11. g4 Nxf4 12. exf4 e6 13. h5 Nxe5 14. dxe5 g5
15. h6 Bh8 16. Ne4 gxf4 17. Rh5 f6 18. g5 fxe5 19. g6 f3 20. gxh7+ Kxh7 21. Qd3
Rf5 22. Rxf5 exf5 23. Qxf3 Qd7 24. Ng5+ Kg6 25. Rg1 Kf6 26. h7 Rf8 27. Qh3 Ke7
28. Qa3+ Ke8 29. Qxa7 e4 30. Nh3 Bf6 31. Rg8 Kf7 32. Rxf8+ Kxf8 33. Nf4 Qe8 34.
Kd1 Kg7 35. Qxb7+ Kh8 36. a4 Bg5 37. Qc7 Bxf4 38. Qxf4 Qc8 39. Qh4 Qa6 40. b3
f4 41. Qxf4 Kxh7 42. Qc7+ Kg8 43. Ke1 Kf8 44. Kd2 Qf1 45. Qb6 Qg2 46. a5 Qg5+
47. Kc3 Qf6+ 48. Qd4 Qd6 49. a6 Kf7 50. a7 1-0

[Event "3MCRV_F"]
[Site "?"]
[Date "2003.??.??"]
[Round "?"]
[White "Hladecek, Miloslav"]
[Black "Sykora, Josef"]
[Result "1/2-1/2"]
[WhiteElo "2275"]
[BlackElo "2365"]
[PlyCount "57"]
[EventDate "2003.??.??"]
[EventType "corr"]

1. e4 e6 2. d4 d5 3. Nc3 Nf6 4. Bg5 dxe4 5. Nxe4 Be7 6. Nxf6+ Bxf6 7. Bxf6 Qxf6
8. c3 O-O 9. Qh5 Nd7 10. Bd3 g6 11. Qf3 Kg7 12. Qxf6+ Nxf6 13. Nf3 b6 14. Ne5
Bb7 15. f3 Rfd8 16. O-O-O Rac8 17. Rhe1 c5 18. dxc5 Rxc5 19. a3 Kf8 20. g3 Ke7
21. f4 Rcd5 22. Bc2 Rxd1+ 23. Rxd1 Rxd1+ 24. Kxd1 Ne8 25. Ke2 Nd6 26. Bd3 f6
27. Nc4 Nxc4 28. Bxc4 Kd6 29. Ke3 1/2-1/2

[Event "3MCRV_F"]
[Site "?"]
[Date "2003.??.??"]
[Round "?"]
[White "Skalicky, Frantisek"]
[Black "Sykora, Josef"]
[Result "1/2-1/2"]
[WhiteElo "2306"]
[BlackElo "2365"]
[PlyCount "81"]
[EventDate "2003.??.??"]
[EventType "corr"]

1. e4 c6 2. d4 d5 3. e5 Bf5 4. Nf3 e6 5. Be2 c5 6. O-O Nc6 7. c3 cxd4 8. cxd4
Nge7 9. Nc3 Nc8 10. Be3 Nb6 11. Rc1 Be7 12. Na4 Nxa4 13. Qxa4 O-O 14. a3 a6 15.
b4 f6 16. Rfe1 Qe8 17. Qb3 Bg4 18. exf6 Bxf6 19. h3 Bh5 20. Qb2 Qf7 21. Qd2 Bg6
22. Bd3 Bxd3 23. Qxd3 Rac8 24. Rc2 Na7 25. Bg5 Rxc2 26. Qxc2 Nb5 27. Bxf6 Qxf6
28. Qb2 Nd6 29. a4 Nc4 30. Qe2 Re8 31. b5 axb5 32. axb5 Qf4 33. Qa2 Qf8 34. Qb3
Qf4 35. Qb4 b6 36. Qc3 Qd6 37. Qb3 Qf4 38. Qd3 Qh6 39. Qc2 Qf4 40. Re2 Qf6 41.
Qb3 1/2-1/2

[Event "3MCRV_F"]
[Site "?"]
[Date "2003.??.??"]
[Round "?"]
[White "Nevole, Milan"]
[Black "Svoboda, Frantisek"]
[Result "1/2-1/2"]
[WhiteElo "2238"]
[BlackElo "2398"]
[PlyCount "53"]
[EventDate "2003.??.??"]
[EventType "corr"]

1. d4 Nf6 2. c4 e6 3. Nf3 b6 4. g3 Ba6 5. b3 Bb4+ 6. Bd2 Be7 7. Nc3 O-O 8. Qc2
d5 9. cxd5 exd5 10. Bg2 c5 11. O-O Nc6 12. Be3 Rc8 13. Bh3 Rc7 14. Rfd1 cxd4
15. Nxd4 Nxd4 16. Bxd4 Ne4 17. Qb2 Nxc3 18. Bxc3 Bxe2 19. Rd2 Rxc3 20. Qxc3 Bf6
21. Qc6 Bxa1 22. Rxe2 d4 23. Bf1 Bc3 24. Re5 Qa8 25. Qxa8 Rxa8 26. Re7 f5 27.
Ba6 1/2-1/2

[Event "3MCRV_F"]
[Site "?"]
[Date "2003.??.??"]
[Round "?"]
[White "Skalicky, Frantisek"]
[Black "Juhasz, Jozef"]
[Result "1-0"]
[WhiteElo "2306"]
[BlackElo "2188"]
[PlyCount "81"]
[EventDate "2003.??.??"]
[EventType "corr"]

1. e4 e5 2. Nf3 Nc6 3. Bb5 a6 4. Ba4 Nf6 5. O-O b5 6. Bb3 Bd6 7. a4 Bb7 8. d3
O-O 9. axb5 axb5 10. Rxa8 Bxa8 11. Be3 Bb4 12. c3 Be7 13. Bd5 d6 14. Nbd2 Qd7
15. Qb3 Nxd5 16. exd5 Na5 17. Qa2 Nb7 18. Ra1 Rb8 19. Ne4 Nd8 20. h3 c6 21. Qa7
Qb7 22. Bb6 cxd5 23. Bc7 Qxa7 24. Rxa7 Nc6 25. Ra1 Rc8 26. Nxd6 Bxd6 27. Bxd6
f6 28. d4 e4 29. Nd2 Kf7 30. Nb3 Rd8 31. Bg3 Bb7 32. Kf1 Ra8 33. Rxa8 Bxa8 34.
Bd6 g5 35. Ke2 f5 36. f4 Ke6 37. Bf8 gxf4 38. Bh6 b4 39. Bxf4 Na7 40. cxb4 Nc6
41. b5 1-0

[Event "3MCRV_F"]
[Site "?"]
[Date "2003.??.??"]
[Round "?"]
[White "Skalicky, Frantisek"]
[Black "Kuta, Jiri"]
[Result "1/2-1/2"]
[WhiteElo "2306"]
[BlackElo "2326"]
[PlyCount "73"]
[EventDate "2003.??.??"]
[EventType "corr"]

1. e4 c5 2. Nf3 Nc6 3. d4 cxd4 4. Nxd4 Nf6 5. Nc3 e5 6. Ndb5 d6 7. Bg5 a6 8.
Na3 b5 9. Bxf6 gxf6 10. Nd5 f5 11. Bd3 Be6 12. Qh5 Rg8 13. O-O f4 14. h3 Rg6
15. c3 Rc8 16. Rfe1 Rh6 17. Qf3 Qg5 18. Kf1 Bxd5 19. exd5 Ne7 20. c4 b4 21. Nb1
f5 22. Nd2 Ng6 23. g4 fxg3 24. Qxf5 Qxf5 25. Bxf5 Rc7 26. a3 Rf7 27. Bxg6 hxg6
28. Re2 b3 29. Kg2 Rxf2+ 30. Rxf2 gxf2 31. Nxb3 Rh4 32. Na5 Bh6 33. Kxf2 Rxh3
34. b4 Bf4 35. b5 axb5 36. cxb5 e4 37. b6 1/2-1/2

[Event "3MCRV_F"]
[Site "?"]
[Date "2003.??.??"]
[Round "?"]
[White "Sykora, Josef"]
[Black "Kostal, Jindrich"]
[Result "1/2-1/2"]
[WhiteElo "2365"]
[BlackElo "2364"]
[PlyCount "65"]
[EventDate "2003.??.??"]
[EventType "corr"]

1. e4 e5 2. Nf3 Nc6 3. d4 exd4 4. Nxd4 Bc5 5. Nb3 Bb6 6. Nc3 Nf6 7. Bg5 h6 8.
Bh4 Qe7 9. Qe2 g5 10. Bg3 d6 11. O-O-O Bd7 12. f3 O-O-O 13. Na4 Nh5 14. Nxb6+
axb6 15. Qd2 Nxg3 16. hxg3 h5 17. Bc4 Ne5 18. Be2 Ng6 19. Bc4 Ne5 20. Bd3 Nxd3+
21. cxd3 d5 22. Qc3 Ba4 23. Rde1 Bxb3 24. Qxb3 Qe5 25. Rh3 f5 26. Qc3 Qxc3+ 27.
bxc3 dxe4 28. dxe4 Rde8 29. Reh1 fxe4 30. Rxh5 Rxh5 31. Rxh5 g4 32. fxg4 Kd7
33. Kd2 1/2-1/2

[Event "3MCRV_F"]
[Site "?"]
[Date "2003.??.??"]
[Round "?"]
[White "Skalicky, Frantisek"]
[Black "Pecka, Josef"]
[Result "0-1"]
[WhiteElo "2306"]
[BlackElo "2281"]
[PlyCount "116"]
[EventDate "2003.??.??"]
[EventType "corr"]

1. e4 c5 2. Nf3 Nc6 3. d4 cxd4 4. Nxd4 Nf6 5. Nc3 d6 6. Bg5 e6 7. Qe2 Nxd4 8.
Qd2 Nc6 9. O-O-O Be7 10. f4 O-O 11. Bb5 Qb6 12. Bxc6 bxc6 13. e5 dxe5 14. fxe5
Nd5 15. Bxe7 Nxe7 16. b3 Rb8 17. Na4 a6 18. Rhe1 Nd5 19. Qe2 Qb7 20. c4 Ne7 21.
Qd2 Nf5 22. Kb2 Qe7 23. g4 Nh6 24. h3 Bb7 25. Re4 f5 26. exf6 Qxf6+ 27. Qc3 Qe7
28. Qe3 Bc8 29. Nc5 Re8 30. Qg3 e5 31. Nd3 Nf7 32. Rde1 Rb7 33. Nxe5 Qf6 34.
Rf4 Qd8 35. Qc3 Nxe5 36. Rxe5 Rxe5 37. Qxe5 Re7 38. Rd4 Qe8 39. Qa5 Bd7 40. Ka3
Rf7 41. Rd3 Qe7+ 42. Qb4 Qe5 43. Qc3 Qxc3 44. Rxc3 h5 45. gxh5 Kh7 46. c5 Rf5
47. Rd3 Bc8 48. Rd8 Be6 49. Re8 Bd5 50. Ka4 Rxh5 51. Re3 g5 52. Ka5 Kg6 53.
Kxa6 Rh7 54. a4 Bg2 55. b4 Bxh3 56. b5 Bc8+ 57. Ka5 g4 58. Re8 g3 0-1

[Event "3MCRV_F"]
[Site "?"]
[Date "2003.??.??"]
[Round "?"]
[White "Svoboda, Frantisek"]
[Black "Sykora, Josef"]
[Result "1/2-1/2"]
[WhiteElo "2398"]
[BlackElo "2365"]
[PlyCount "62"]
[EventDate "2003.??.??"]
[EventType "corr"]

1. c4 e5 2. Nc3 Nf6 3. Nf3 Nc6 4. g3 Bb4 5. Nd5 e4 6. Nh4 O-O 7. Bg2 Re8 8. O-O
Bc5 9. d3 exd3 10. Qxd3 Ne5 11. Qc2 c6 12. Be3 cxd5 13. Bxc5 d6 14. Bd4 dxc4
15. Rfd1 d5 16. Nf3 Nc6 17. Bxf6 Qxf6 18. Rxd5 Be6 19. Rd2 Rad8 20. Rad1 Rxd2
21. Rxd2 Rd8 22. a3 h6 23. Qd1 Rxd2 24. Qxd2 b5 25. e3 a6 26. h4 Qe7 27. Nd4
Nxd4 28. exd4 Qd6 29. d5 Bd7 30. f4 Kf8 31. Qd4 f6 1/2-1/2

[Event "3MCRV_F"]
[Site "?"]
[Date "2003.??.??"]
[Round "?"]
[White "Pecka, Josef"]
[Black "Priesol, Daniel"]
[Result "1/2-1/2"]
[WhiteElo "2281"]
[BlackElo "2304"]
[PlyCount "67"]
[EventDate "2003.??.??"]
[EventType "corr"]

1. e4 c5 2. Nf3 d6 3. d4 cxd4 4. Nxd4 Nf6 5. Nc3 a6 6. Bg5 e6 7. f4 Qb6 8. Nb3
Nbd7 9. Qf3 Be7 10. O-O-O Qc7 11. Qg3 b5 12. Bxf6 Nxf6 13. e5 dxe5 14. fxe5 Nd7
15. Bxb5 axb5 16. Nxb5 Qb6 17. Qxg7 Rf8 18. Nd6+ Bxd6 19. exd6 Nc5 20. Nxc5
Qxc5 21. a3 Ra6 22. Qxh7 Rxd6 23. Rxd6 Qxd6 24. Rd1 Qf4+ 25. Kb1 Bb7 26. Qd3
Qc7 27. Qb5+ Bc6 28. Qc5 Qc8 29. b4 Bb7 30. Qxc8+ Bxc8 31. Rd2 f5 32. c4 f4 33.
b5 e5 34. c5 1/2-1/2

[Event "3MCRV_F"]
[Site "?"]
[Date "2003.??.??"]
[Round "?"]
[White "Schwarz, Jan"]
[Black "Pecka, Josef"]
[Result "1-0"]
[WhiteElo "2292"]
[BlackElo "2281"]
[PlyCount "99"]
[EventDate "2003.??.??"]
[EventType "corr"]

1. c4 e5 2. Nc3 Nf6 3. Nf3 Nc6 4. g3 d5 5. cxd5 Nxd5 6. Bg2 Nb6 7. O-O Be7 8.
a3 O-O 9. b4 Be6 10. Rb1 f6 11. d3 Nd4 12. Be3 c5 13. Ne4 Nd5 14. bxc5 Nxf3+
15. Bxf3 f5 16. Nd6 Bxd6 17. cxd6 Nc3 18. Qc2 Nxb1 19. Rxb1 f4 20. Bd2 Rc8 21.
Qa4 b6 22. Qxa7 Rc2 23. Bb4 Bd7 24. a4 Kh8 25. g4 Qe8 26. Qxb6 Qg6 27. a5 h5
28. g5 Rfc8 29. Kh1 Rc1+ 30. Be1 Rxb1 31. Qxb1 Qxd6 32. Bxh5 Rb8 33. Qa1 Bc6+
34. f3 Qc5 35. a6 Ra8 36. Kg2 e4 37. h4 exd3 38. exd3 Qc2+ 39. Bf2 Qxd3 40. a7
Qf5 41. Qd4 Rg8 42. Kh2 Ba8 43. Bg4 Qf8 44. Be6 Qa3 45. Bd5 Rd8 46. Bxa8 Rxa8
47. Qxf4 Qa2 48. Kg3 Qe6 49. Qb8+ Qg8 50. Qxg8+ 1-0

[Event "3MCRV_F"]
[Site "?"]
[Date "2003.??.??"]
[Round "?"]
[White "Brousek, Jiri"]
[Black "Pecka, Josef"]
[Result "1-0"]
[WhiteElo "2361"]
[BlackElo "2281"]
[PlyCount "83"]
[EventDate "2003.??.??"]
[EventType "corr"]

1. d4 d5 2. Nf3 Nf6 3. e3 c5 4. dxc5 e6 5. b4 a5 6. c3 axb4 7. cxb4 b6 8. a4
bxc5 9. b5 c4 10. Be2 Bb4+ 11. Bd2 Bxd2+ 12. Qxd2 Nbd7 13. O-O Ne4 14. Qb2 O-O
15. Nc3 Ndc5 16. Nxe4 Nxe4 17. b6 Bb7 18. a5 Qe7 19. Nd4 Rfc8 20. Nb5 Rc5 21.
Qb4 Ba6 22. Nd4 Kf8 23. Rfb1 Nf6 24. b7 Bxb7 25. Qxb7 Qxb7 26. Rxb7 Rcxa5 27.
Rxa5 Rxa5 28. Rb8+ Ne8 29. f4 Ra2 30. Kf1 Ke7 31. Nc6+ Kd6 32. Ne5 Nf6 33. Bf3
Kc7 34. Rb5 Ra7 35. Rc5+ Kb6 36. Rc8 h6 37. h4 Nd7 38. Nxf7 Nc5 39. Ne5 Ra1+
40. Kf2 Ra2+ 41. Kg3 c3 42. f5 1-0

[Event "3MCRV_F"]
[Site "?"]
[Date "2003.??.??"]
[Round "?"]
[White "Juhasz, Jozef"]
[Black "Bures, Jilji"]
[Result "0-1"]
[WhiteElo "2188"]
[BlackElo "2295"]
[PlyCount "106"]
[EventDate "2003.??.??"]
[EventType "corr"]

1. e4 c5 2. Nf3 Nc6 3. d4 cxd4 4. Nxd4 Nf6 5. Nc3 e5 6. Ndb5 d6 7. Nd5 Nxd5 8.
exd5 Nb8 9. c4 a6 10. Nc3 Be7 11. Qa4+ Nd7 12. Bd3 b5 13. cxb5 Nc5 14. Qc2
Nxd3+ 15. Qxd3 O-O 16. O-O f5 17. Re1 axb5 18. Qxb5 f4 19. Qd3 Bf5 20. Qe2 Bg6
21. Qf3 Qb6 22. a4 Qb4 23. Ra2 Rfb8 24. Qg4 Bd8 25. h4 Bf7 26. Rd1 Bb6 27. h5
h6 28. Bd2 Qb3 29. Raa1 Qxb2 30. Ne4 Rd8 31. a5 Bd4 32. Rac1 Qb7 33. Bxf4 Bxf2+
34. Nxf2 exf4 35. Ra1 Rf8 36. Nh3 f3 37. Nf4 f2+ 38. Kxf2 Bxh5 39. Qxh5 Rxf4+
40. Kg3 Raf8 41. Qe2 R8f5 42. Qe3 Qb4 43. Rab1 Rg5+ 44. Kh2 Rh4+ 45. Kg1 Qxa5
46. Rb8+ Kh7 47. Qd3+ Rg6 48. Rf8 Qa8 49. Rf2 Rf4 50. Rdd2 Rfg4 51. Kf1 Qa1+
52. Rd1 Qe5 53. Re1 Qh5 0-1

[Event "3MCRV_F"]
[Site "?"]
[Date "2003.??.??"]
[Round "?"]
[White "Kuta, Jiri"]
[Black "Sykora, Josef"]
[Result "1/2-1/2"]
[WhiteElo "2326"]
[BlackElo "2365"]
[PlyCount "67"]
[EventDate "2003.??.??"]
[EventType "corr"]

1. d4 Nf6 2. c4 e6 3. Nc3 Bb4 4. Qc2 O-O 5. a3 Bxc3+ 6. Qxc3 b6 7. Bg5 Bb7 8.
Nf3 d6 9. Nd2 h6 10. Bh4 Nbd7 11. f3 Rc8 12. e4 c5 13. Bd3 cxd4 14. Qxd4 Nc5
15. Be2 e5 16. Qf2 Ne6 17. O-O g5 18. Bg3 Nh5 19. Rfd1 Nd4 20. Bd3 Bc6 21. b3
Bd7 22. Rac1 Qf6 23. Re1 Kg7 24. b4 Be6 25. Red1 Nxg3 26. Qxg3 h5 27. Qf2 h4
28. Rc3 Rc7 29. Be2 Rfc8 30. Rdc1 Qf4 31. Bf1 a5 32. bxa5 bxa5 33. Rb1 a4 34.
Rb4 1/2-1/2

[Event "3MCRV_F"]
[Site "?"]
[Date "2003.??.??"]
[Round "?"]
[White "Schwarz, Jan"]
[Black "Nevole, Milan"]
[Result "1-0"]
[WhiteElo "2292"]
[BlackElo "2238"]
[PlyCount "71"]
[EventDate "2003.??.??"]
[EventType "corr"]

1. e4 c5 2. Nf3 d6 3. d4 cxd4 4. Nxd4 Nf6 5. Nc3 a6 6. Be2 e5 7. Nb3 Be7 8. O-O
Be6 9. f4 Qc7 10. f5 Bc4 11. Bg5 Nbd7 12. Bxc4 Qxc4 13. Qf3 O-O 14. Rad1 b5 15.
Rf2 h6 16. Bxf6 Nxf6 17. Nd2 Qc8 18. Nf1 b4 19. Nd5 Nxd5 20. Rxd5 Qc6 21. Ne3
Bh4 22. g3 Bf6 23. Rd3 a5 24. Nd5 Kh7 25. c3 Bd8 26. Kg2 Bb6 27. Rfd2 Bc5 28.
g4 f6 29. h4 Ra7 30. g5 bxc3 31. Rxc3 fxg5 32. hxg5 Qe8 33. Qg4 Bb4 34. Nxb4
axb4 35. Rh3 Rxa2 36. Kh2 1-0

[Event "3MCRV_F"]
[Site "?"]
[Date "2003.??.??"]
[Round "?"]
[White "Kuta, Jiri"]
[Black "Nevole, Milan"]
[Result "1/2-1/2"]
[WhiteElo "2326"]
[BlackElo "2238"]
[PlyCount "50"]
[EventDate "2003.??.??"]
[EventType "corr"]

1. d4 Nf6 2. c4 c5 3. d5 e6 4. Nf3 exd5 5. cxd5 d6 6. Nc3 g6 7. Nd2 Bg7 8. e4
O-O 9. Be2 Re8 10. O-O Nbd7 11. a4 g5 12. Re1 h6 13. a5 a6 14. Nc4 Nxe4 15.
Nxe4 Rxe4 16. Nxd6 Rd4 17. Qc2 Nf6 18. Nxc8 Rxc8 19. Be3 Rxd5 20. Bf3 Rd7 21.
Qa4 Re7 22. Rac1 Qe8 23. Qxe8+ Rcxe8 24. Rxc5 Nd7 25. Rc2 Ne5 1/2-1/2

[Event "3MCRV_F"]
[Site "?"]
[Date "2003.??.??"]
[Round "?"]
[White "Skalicky, Frantisek"]
[Black "Nevole, Milan"]
[Result "0-1"]
[WhiteElo "2306"]
[BlackElo "2238"]
[PlyCount "68"]
[EventDate "2003.??.??"]
[EventType "corr"]

1. e4 c5 2. Nf3 d6 3. d4 cxd4 4. Nxd4 Nf6 5. Nc3 a6 6. Bg5 e6 7. f4 b5 8. e5
dxe5 9. fxe5 Qc7 10. Qe2 Nfd7 11. O-O-O Nc6 12. Nxc6 Qxc6 13. Qd3 h6 14. Bf4
Bb7 15. Be2 Nc5 16. Qe3 b4 17. Bf3 Qc7 18. Ne2 Be7 19. Rhf1 Bxf3 20. Qxf3 Rc8
21. Bxh6 Nb3+ 22. Qxb3 Rxh6 23. Nd4 Qxe5 24. Qa4+ Kf8 25. Qxa6 Qb8 26. Qd3 Qa8
27. Kb1 Qxg2 28. Nf3 Rh5 29. Nd4 Kg8 30. Rg1 Qd5 31. Qe2 Re5 32. Qf2 Re4 33.
Rdf1 f5 34. Nb3 Bf6 0-1

[Event "3MCRV_F"]
[Site "?"]
[Date "2003.??.??"]
[Round "?"]
[White "Bures, Jilji"]
[Black "Lounek, Jan"]
[Result "1/2-1/2"]
[WhiteElo "2295"]
[BlackElo "2337"]
[PlyCount "78"]
[EventDate "2003.??.??"]
[EventType "corr"]

1. e4 c5 2. Nf3 d6 3. d4 cxd4 4. Nxd4 Nf6 5. Nc3 a6 6. Be3 e6 7. Qd2 b5 8. f3
Nbd7 9. g4 Nb6 10. Qf2 Nfd7 11. f4 Bb7 12. f5 exf5 13. Nxf5 b4 14. Nd5 Nxd5 15.
exd5 g6 16. Bd4 Ne5 17. Ne3 Bg7 18. O-O-O O-O 19. h4 a5 20. Kb1 a4 21. h5 Qg5
22. Be2 a3 23. b3 Rae8 24. Bb5 Rb8 25. Be2 Rfe8 26. Rhf1 Re7 27. Qh2 Bc8 28.
Rh1 h6 29. Rdf1 Bb7 30. Bd1 Nd7 31. Bxg7 Kxg7 32. hxg6 fxg6 33. Qxd6 Rxe3 34.
Qxd7+ Re7 35. Qd6 Qe5 36. Qxe5+ Rxe5 37. Rh3 Bxd5 38. Rd3 Bc6 39. Rd6 Be8
1/2-1/2

[Event "3MCRV_F"]
[Site "?"]
[Date "2003.??.??"]
[Round "?"]
[White "Bures, Jilji"]
[Black "Svoboda, Frantisek"]
[Result "1/2-1/2"]
[WhiteElo "2295"]
[BlackElo "2398"]
[PlyCount "57"]
[EventDate "2003.??.??"]
[EventType "corr"]

1. e4 e6 2. d4 d5 3. exd5 exd5 4. Bd3 c5 5. dxc5 Bxc5 6. Nf3 Nf6 7. O-O O-O 8.
Bg5 h6 9. Bxf6 Qxf6 10. c3 Be6 11. Nbd2 Nc6 12. Nb3 Bb6 13. Bc2 Rac8 14. Qd3 g6
15. Qd2 Kg7 16. Rfe1 Bg4 17. Bd1 Rfd8 18. Nfd4 Bf5 19. Nxf5+ Qxf5 20. Bf3 Qf6
21. Qe2 Re8 22. Qf1 Ne5 23. Be2 Rcd8 24. Red1 Qf4 25. Rac1 a6 26. Nd4 Re7 27.
Rc2 h5 28. Rcd2 Rde8 29. g3 1/2-1/2

[Event "3MCRV_F"]
[Site "?"]
[Date "2003.??.??"]
[Round "?"]
[White "Pecka, Josef"]
[Black "Bures, Jilji"]
[Result "1/2-1/2"]
[WhiteElo "2281"]
[BlackElo "2295"]
[PlyCount "91"]
[EventDate "2003.??.??"]
[EventType "corr"]

1. e4 c5 2. Nf3 Nc6 3. d4 cxd4 4. Nxd4 Nf6 5. Nc3 e5 6. Ndb5 d6 7. Nd5 Nxd5 8.
exd5 Nb8 9. Qf3 a6 10. Qa3 b6 11. Bd3 Bb7 12. Nc3 Be7 13. Qa4+ Nd7 14. O-O O-O
15. Qg4 g6 16. Bh6 f5 17. Qh3 Rf7 18. a4 Rc8 19. Be2 Bf6 20. Rfd1 e4 21. Bf4
Ne5 22. Ra3 Nc4 23. Bxc4 Rxc4 24. Qg3 Bxc3 25. Rxc3 Rxa4 26. h4 Ra5 27. h5 Qf6
28. Bxd6 Rd7 29. Be5 f4 30. Bxf4 Raxd5 31. Rxd5 Rxd5 32. Rc7 Bc6 33. Bh6 Bd7
34. Rb7 Kf7 35. Qb3 Qe6 36. hxg6+ hxg6 37. Qc3 Rd1+ 38. Kh2 Qd6+ 39. g3 Qf6 40.
Qxf6+ Kxf6 41. Rxb6+ Kf7 42. Rxa6 Bg4 43. Be3 Rd5 44. f4 exf3 45. c4 Bf5 46. g4
1/2-1/2

[Event "3MCRV_F"]
[Site "?"]
[Date "2003.??.??"]
[Round "?"]
[White "Kuchta, Jiri"]
[Black "Nevole, Milan"]
[Result "1/2-1/2"]
[WhiteElo "2299"]
[BlackElo "2238"]
[PlyCount "67"]
[EventDate "2003.??.??"]
[EventType "corr"]

1. Nf3 d5 2. d4 Nf6 3. Bf4 c5 4. dxc5 e6 5. e3 Bxc5 6. Nbd2 O-O 7. Bd3 Nc6 8.
O-O Re8 9. Bb5 Bd6 10. Bxd6 Qxd6 11. c4 a6 12. Bxc6 bxc6 13. Rc1 Bd7 14. e4 Qb8
15. e5 Ng4 16. Re1 Qxb2 17. Qa4 Qb8 18. c5 Nh6 19. Rb1 Qc7 20. Rb6 Nf5 21. Reb1
Ra7 22. a3 a5 23. Nb3 f6 24. Re1 Rb8 25. Rxb8+ Qxb8 26. Nbd4 Nxd4 27. Qxd4 f5
28. Qd3 Rb7 29. Nd4 Rb2 30. f4 Kf7 31. Ra1 h6 32. Qd1 g6 33. h3 Kg7 34. Qc1
1/2-1/2

[Event "3MCRV_F"]
[Site "?"]
[Date "2003.??.??"]
[Round "?"]
[White "Nevole, Milan"]
[Black "Priesol, Daniel"]
[Result "1-0"]
[WhiteElo "2238"]
[BlackElo "2304"]
[PlyCount "49"]
[EventDate "2003.??.??"]
[EventType "corr"]

1. d4 Nf6 2. c4 e6 3. Nf3 d5 4. Nc3 Be7 5. Bg5 h6 6. Bh4 O-O 7. e3 b6 8. Be2
Bb7 9. Bxf6 Bxf6 10. cxd5 exd5 11. O-O Nd7 12. Qc2 c6 13. Rfe1 Re8 14. Rad1 Be7
15. a3 Bd6 16. e4 dxe4 17. Nxe4 Bf4 18. g3 Bc7 19. Bc4 b5 20. Ba2 a5 21. Ne5
Bxe5 22. dxe5 Rxe5 23. Qc3 b4 24. Qd2 Re7 25. Nc5 1-0

[Event "3MCRV_F"]
[Site "?"]
[Date "2003.??.??"]
[Round "?"]
[White "Bures, Jilji"]
[Black "Priesol, Daniel"]
[Result "1-0"]
[WhiteElo "2295"]
[BlackElo "2304"]
[PlyCount "75"]
[EventDate "2003.??.??"]
[EventType "corr"]

1. e4 c5 2. Nf3 d6 3. d4 cxd4 4. Nxd4 Nf6 5. Nc3 a6 6. Be3 e6 7. Qd2 b5 8. f3
Nbd7 9. g4 h6 10. O-O-O Bb7 11. h4 b4 12. Na4 d5 13. Bh3 g5 14. hxg5 hxg5 15.
Bxg5 dxe4 16. Bxf6 Qxf6 17. g5 Qe7 18. g6 Ne5 19. gxf7+ Nxf7 20. Bxe6 Rxh1 21.
Rxh1 Rd8 22. Qe3 Qf6 23. c3 bxc3 24. bxc3 Ne5 25. Rh7 Ba8 26. f4 Qg6 27. Ra7
Bd5 28. Bxd5 Nd3+ 29. Kb1 Rxd5 30. Nb2 Nxb2 31. Ra8+ Rd8 32. Rxd8+ Kxd8 33.
Kxb2 Bh6 34. Qh3 Bg7 35. Qe6 Qg2+ 36. Nc2 Qg3 37. Qd5+ Kc7 38. Qc5+ 1-0